Państwa najbardziej narażone na powodzie - Statystyki

Ogólne statystyki
  • Ten quiz został rozwiązany 2 781 razy
  • Średni wynik to 5 z 9
Statystyki odpowiedzi
Ocena Kontynent Państwa % Poprawnych
3,9 Azja Indie
89%
4,9 Azja Bangladesz
65%
4,0 Azja Filipiny
60%
3,9 Azja Laos
59%
3,9 Azja Kambodża
58%
3,9 Azja Pakistan
57%
4,5 Azja Nepal
39%
4,7 Azja Bhutan
36%
3,9 Ameryka Północna Haiti
35%
Nie znaleziono quizów pasujących do podanych kryteriów
Rozkład punktacji
Procent ludzi z każdym wynikiem
Percentyl według liczby udzielonych odpowiedzi
Twoja historia wyników
Nie rozwiązałeś tego quizu